[Event "La Pobla de Lillet op 20th"]
[Site "La Pobla de Lillet"]
[Date "2010.??.??"]
[Round "1"]
[White "Prats Cabaces, Lluis"]
[Black "Movsziszian, Karen"]
[Result "1-0"]
[WhiteElo "1873"]
[BlackElo "2490"]
[PlyCount "73"]
[EventDate "2010.08.02"]
[EventType "swiss"]
[EventRounds "9"]
[EventCountry "ESP"]
[SourceTitle "EXT 2019"]
[Source "ChessBase"]
[SourceDate "2018.10.10"]
[SourceVersion "1"]
[SourceVersionDate "2018.10.10"]
[SourceQuality "1"]

1. e4 g6 2. d4 Bg7 3. Nf3 d6 4. Bc4 Nf6 5. Qe2 c6 6. a4 0-0 7. 0-0 d5 8. exd5 cxd5 9. Bd3 Nc6 10. c3 Bf5 11. Bxf5 gxf5 12. Ne5 Rc8 13. h4 Nxe5 14. Qxe5 Qd7 15. Qe2 Kh8 16. Bf4 Rg8 17. Nd2 Ne4 18. Nf3 f6 19. Qb5 Rc6 20. Qd3 Qe8 21. Rfc1 Qg6 22. Qe3 Re6 23. Ne1 Qh5 24. Qh3 Bf8 25. f3 Nd6 26. Nd3 Ne8 27. Re1 Rc6 28. Nb4 Rb6 29. a5 Rb5 30. a6 bxa6 31. Rxa6 e5 32. dxe5 Bxb4 33. exf6 Bc5+ 34. Kh1 Rxb2 35. g4 fxg4 36. fxg4 Rxg4 37. Qxg4 1-0